Didáctica de la dependencia /

DEPENDENCIA ECONOMICA GLOBALIZACION TEORIA SOCIAL AMERICA LATINA

Guardat en:
Dades bibliogràfiques
Autor principal: Mauro Marini, Ruy
Format: Text
Etiquetes: Afegir etiqueta
Sense etiquetes, Sigues el primer a etiquetar aquest registre!

MARC

LEADER 00000 a a2200000 04500
001 42298
003
040
100 |a Mauro Marini, Ruy  
245 |a Didáctica de la dependencia /  |c Ruy Mauro Marini 
520 |a DEPENDENCIA ECONOMICA   |a GLOBALIZACION   |a TEORIA SOCIAL   |a AMERICA LATINA  
773 |g páginas 107-157  
999 |c 33969  |d 33969